La responsabilit ̌du dirigeant d'entreprise

Bibliographic Details
Main Author: Philippe, Jehasse
Format: Unknown
Language:French
Published: Bľgica : Edipro, 2007
Subjects:
Online Access:Acceso restringido

MARC

LEADER 00000ny a22000003n 4500
005 20110610151149.0
008 100325s be 000 0 fre d
020 |a 9782930287805 
035 |a 2462 
040 |a BUS  |d vLex 
090 |c 645  |d 645 
100 1 |a Philippe, Jehasse  
245 1 3 |a La responsabilit ̌du dirigeant d'entreprise  |h [Recurso electrn̤ico]  |c Philippe Jehasse  
256 |a Servicio en ln̕ea 
260 |a Bľgica :  |b Edipro,  |c 2007 
300 |a v. 
506 1 |a Contenido solo disponible en los productos indicados  |d vLex Global  |d vLex Global (Academic Edition, excluding Law Schools)  |d vLex Global (U.S. Academic Edition, Law Schools)  |d vLex Global (U.S. Academic Edition, excluding Law Schools)  |d vLex Global (Academic Edition, Law Schools) 
650 0 4 |a Empresas  |x Direccin̤ 
740 0 |a vLex Libros (Servicios en ln̕ea) 
856 4 0 |u http://vlex.com/source/2462  |z Acceso restringido 
942 |c BOOK 
999 0 |a Corporates  |b Bľgica